| 000 | 01210cam a22003257a 4500 | ||
|---|---|---|---|
| 003 | CHAP | ||
| 005 | 20220329142801.0 | ||
| 008 | 030923s2002 mx r 00110 spa d | ||
| 010 | _a87727 | ||
| 011 | _a88699 | ||
| 020 | _a9701341643 | ||
| 035 | _a99244 | ||
| 040 | _cCHAP | ||
| 090 | _aFolleto 16660 | ||
| 110 | 2 |
_aInstituto Nacional de Estadística, Geografía e Informática. México _959304 |
|
| 245 | 1 | 0 |
_aEstadística de cines _c/por Instituto Nacional de Estadística, Geografía e Informatica |
| 260 |
_aAguascalientes, Ags. _bInstituto Nacional de Estadística, Geografía e Informática _c2002. |
||
| 300 |
_a19 p. : _bgrafs.; cuadros |
||
| 490 | 0 | _aBoletín de estadísticas continuas, demográficas y sociales | |
| 590 |
_aBATCH-UPD _b10 _c20130110 _lUCH01 _h0545 |
||
| 590 |
_aBATCH-UPD _b10 _c20130410 _lUCH01 _h0226 |
||
| 590 |
_aBATCH-UPD _b10 _c20130914 _lUCH01 _h0651 |
||
| 590 |
_aCONVERSION _b10 _c20130109 _lUCH01 _h1349 |
||
| 650 | 1 | 4 |
_aCinematografía. _923323 |
| 830 | 0 | 0 |
_aBoletín de estadísticas continuas, demográficas y sociales _913524 |
| 901 | _aBK | ||
| 905 | _aElisama | ||
| 942 | _cFOLL | ||
| 949 |
_aFolleto 16660 _bBC _cFOLL _d992441 _eTS1 _gDonaciØn _hDonaciØn _i99244 _sb |
||
| 999 |
_c87727 _d87727 |
||